000 03779namaa22004211i 4500
003 OSt
005 20260302095600.0
008 250827s2025 ua a|||frm||| 000 0 eng d
040 _aEG-GICUC
_bara
_cEG-GICUC
_dEG-GICUC
_erda
041 0 _aara
_bara
_beng
049 _aإيداع
082 0 4 _a070.43
092 _a070.43
_221
097 _aمــــاجستير
099 _aCai01.15.02.M.Sc.2025.إي.ت
100 0 _a،إيمان ماهر سيد عبدالجواد
_eإعداد.
245 1 0 _aتأثير استخدام قواعد تهيئة محركات البحث في المواقع الصحفية المصرية على اعتماد الشركات عليها في عرض المحتوى المدفوع /
_cإعداد إيمان ماهر سيد عبدالجواد؛ إشراف د. سماح عبد الرازق الشهاوي.
246 1 5 _aThe impact of search engine optimization seo techniques on egyptian news websites and its effect on corporate reliance for paid content placement /
264 0 _c2025.
300 _a191 ورقة :
_bإيضاحيات ؛
_c30 سم. +
_eCD.
336 _atext
_2rda content
337 _aUnmediated
_2rdamedia
338 _avolume
_2rdacarrier
502 _aأطروحة (ماجستير)-جامعة القاهرة، 2025.
504 _aببليوجرافيا: صفحات 141-150.
520 _aتستكشف هذه الدراسة العلاقة بين ممارسات تهيئة محركات البحث (SEO) في المواقع الصحفية المصرية واعتماد الشركات المصرية على تلك المواقع لنشر محتوى مدفوع عن خدماتها، منتجاتها، أو عن الشركة نفسها. ووجدت الدراسة وجود علاقة إيجابية بين متغيري الدراسة، مما يشير إلى أن تهيئة محركات البحث تعد عاملًا مهمًا في جذب المحتوى المدفوع وزيادة الزيارات على الموقع، كما تسلط الدراسة الضوء على التحديات التي تواجهها المواقع الصحفية المصرية في تحقيق التوازن بين الحاجة إلى الإيرادات من المحتوى المدعوم والإلتزام بأخلاقيات الممارسة الصحفية التي تنص على عدم خداع الجمهور.
520 _aThis research explores the relationship between Search Engine Optimization (SEO) practices and the reliance of Egyptian companies on news websites for paid content placement. The study found a positive correlation between the two aspects, suggesting that SEO is a significant factor in attracting paid content and increasing website traffic. The research also highlights the challenges faced by Egyptian news websites in balancing the need for revenue from sponsored content with maintaining journalistic integrity.
530 _aصدر أيضًا كقرص مدمج.
546 _aالنص بالعربية والملخص باللغة الإنجليزية والعربية.
650 7 _aالانباء
_2qrmak
_xمصادر
650 7 _aالانباء
_2qrmak
_xتجميع
653 0 _aتهيئة محركات البحث
_aتاريخ تهيئة محركات البحث في مصر
_aتهيئة محركات البحث في الصحافة المصرية
700 0 _aسماح عبد الرازق الشهاوي
_eمشرف أطروحة.
900 _b01-01-2025
_cسماح عبد الرازق الشهاوي
_dسهير عثمان عبدالحليم
_dفاطمة الزهراء عبد الفتاح
_Uجامعة القاهرة
_Fكلية الإعلام
_Dقسم الصحافة الإلكترونية
905 _aSara
_eAfaf
942 _2ddc
_cTH
_e21
_n0
999 _c178251